Resumen del "Florilegio de poetas españoles" / (Record no. 180807)

MARC details
000 -LEADER
campo de control de longitud fija 01015nab a2200229 i 4500
001 - NÚMERO DE CONTROL
campo de control 180807
003 - IDENTIFICADOR DE NÚMERO DE CONTROL
campo de control ES-MaACL
005 - FECHA Y HORA DE LA ÚLTIMA TRANSACCIÓN
campo de control 20250728093503.0
008 - DATOS DE LONGITUD FIJA--INFORMACIÓN GENERAL
campo de control de longitud fija 120716s1913 sp 000 s spa d
100 1# - ENTRADA PRINCIPAL--NOMBRE DE PERSONA
Nombre de persona Said Armesto, Víctor,
Fechas asociadas al nombre 1871-1914
9 (RLIN) 101488
245 13 - MENCIÓN DEL TÍTULO
Título Resumen del "Florilegio de poetas españoles" /
Mención de responsabilidad, etc. por Víctor Said Armesto.
300 ## - DESCRIPCIÓN FÍSICA
Extensión P. 10-20 ;
Dimensiones 23 cm.
594 ## - Nota al título y mención de responsabilidad
Nota al título y mención de responsabilidad Precede al tít.: Conferencias del Ateneo de Madrid
594 ## - Nota al título y mención de responsabilidad
Nota al título y mención de responsabilidad Recoge el resumen del ciclo de conferencias "Florilegio", organizado por Jacinto Benavente en el Ateneo, en el que intervinieron la Sra. Casanova, la condesa de Castellá y la Sra. de los Ríos
599 ## - NOTA A LAS ILUSTRACIONES
NOTA A LAS ILUSTRACIONES Retr. del autor en port.
610 24 - PUNTO DE ACCESO ADICIONAL DE MATERIA--NOMBRE DE ENTIDAD CORPORATIVA
Nombre de entidad corporativa o nombre de jurisdicción como elemento de entrada Ateneo de Madrid-
Subdivisión de forma Conferencias-
Subdivisión cronológica 1900-1939
9 (RLIN) 1907
650 #4 - PUNTO DE ACCESO ADICIONAL DE MATERIA--TÉRMINO DE MATERIA
Término de materia o nombre geográfico como elemento de entrada Poesía española-
Subdivisión general Historia y crítica.
9 (RLIN) 226941
740 02 - ENTRADA AGREGADA--TÍTULO RELACIONADO/ANALÍTICO NO CONTROLADO
Título relacionado o analítico no controlado Florilegio de poetas españoles.
773 0# - ASIENTO DE ITEM FUENTE
Título La Palabra : revista taquigráfica,
Lugar, editor y fecha de publicación Madrid. --
Parte(s) relacionada(s) N. 12 (15 de junio 1913), p. 10-20
942 ## - ELEMENTOS DE ENTRADA SECUNDARIOS (KOHA)
Tipo de ítem Koha Capítulo de libro

No items available.